Albums by Cover Art - Britpop - Statistics

General Stats
  • This quiz has been taken 359 times
  • The average score is 9 of 20
Answer Stats
Picture Answer % Correct
Oasis - Definitely Maybe
94%
Radiohead - The Bends
93%
Blur - Parklife
85%
The Verve - Urban Hymns
71%
Pulp - Common People
68%
The Stone Roses - The Stone Roses
68%
Coldplay - A Rush of Blood to the Head
67%
Supergrass - I Should Coco
51%
U2 - All That You Can't Leave Behind
46%
Suede - Dog Man Star
38%
Elastica - Elastica
33%
Keane - Hopes and Fears
30%
Manic Street Preachers - Everything Must Go
29%
James - Laid
28%
Stereophonics - Just Enough Education to Perform
25%
The Charlatans - Tellin' Stories
20%
Elbow - The Seldom Seen Kid
19%
Snow Patrol - Eyes Open
19%
Travis - The Invisible Band
13%
Sleeper - The It Girl
12%
No matching quizzes found
Score Distribution
Percent of People with Each Score
Percentile by Number Answered
Your Score History
You have not taken this quiz